000 00220 a2200097 4500
001 52228
100 _aJonge A D E
245 _aLife & Times of Grigori Rasputin
260 _aLondon
_bCollins
_c
090 _c32891
_d32891
942 _aNUST-CAE
_cM
_c25437
999 _c287301
_d287301